000 00976nam a22002537a 4500
999 _c2911
_d2911
003 AR-CdUCM
008 190305b ||||| |||| 00| 0 spa d
020 _a8472324834
040 _aMUNICIPALIDAD PROVINCIAL DEL CUSCO
_cBIBLIOTECA MUNICIPAL DEL CUSCO
082 _a986.211 /
_bQ8
245 _aQuito /
_cVicente Llamanares (Fotografías)
260 _bEdiciones de Cultura Hispánica,
_c1989.
300 _a234 páginas ;
_bFotografías ;
_c31 cm.
505 _aContenido: Quito en la memoria -- El proceso urbano de Quito en su etapa metropolitana -- Fotografías.
650 _aFotografías - Quito
_910006
650 _aQuito - Historia
_910007
650 _aQuito - Paisajes - Fotografías
_910008
700 _aBenavides Solís, Jorge (Texto)
_910009
700 _aCarrión, Fernando (Texto)
_910010
700 _aSalvador Lara, Jorge (Texto)
_910011
710 _aAgencia Española de Cooperación Internacional
_910012
942 _2ddc
_cLIBROS
945 _alccs